000 00375nam a2200133Ia 4500
008 240624s9999 xx 000 0 und d
041 _aeng
082 _a658.4012 BAR
100 _aBARNEY JAY B
245 _aSTRATEGIC MANAGEMENT AND COMPETITIVE ADVANTAGE CONCEPTS
260 _c2008
_aNew Delhi
_bPearson Education
300 _axvi, : 368 : p. : cm. ; 25
365 _cRS
_b30
999 _c12023
_d12023